000 00425nam a2200181Ia 4500
008 170918s9999 xx 000 0 und d
020 _a345370775
050 _bC928ju 1990
100 _aCrichton, Michael
245 _aJurrasic Park /
245 _cby Michael Crichton.
260 _aUSA :
260 _bBallantine Book,
260 _c1990
300 _a400 pages :
300 _billustrations ;
300 _c17cm.
999 _c343403
_d343403